00467nam a2200157Ia 450000500170000000800410001704000190005804100120007708200160008924500820010526000320018730000150021965000440023470000210027885000100029920221202115552.0131103s9999 xx 000 0 und d aLoreto College aEnglish a811.09bALL aPoetics of the new American poetrycedited by Donald Allen and Warren Tallman aNew YorkbGrave Pressc1973 axv,463 p.  aAmerican Poetry - History and Criticism aAllen,Donald,ed. aLCLIB